01165pab a2200169 454500008004000000100001600040245007600056260000900132300001300141362001000154520064700164650001900811773003400830909001000864999001700874952010400891180718b2002 xxu||||| |||| 00| 0 eng d aKohli, Renu aReal exchange rate stationarity in managed floats: evidence from India. c2002 ap.475-82 a2 Feb aThe paper tests for mean-reversion in real exchange rates for India during the recent float period. Using unit root tests with improved power, we test for stationarity of the real exchange rate, using several definitions of the real exchange rate. We also conduct cointegration and variance ratio tests to complement the evidence from unit root tests. We find evidence of mean-reversion in th real exchange rate series constructed with the consumer price index as deflator, as well as for a series constructed using the ratio of wholesale and consumer price indices to proxy for the shares of tradable and non-tradable goods. - Reproduced. aExchange rates aEconomic and Political Weekly a51201 c51201d51201 00104070aIIPAbIIPAd2018-07-19hVolume no: 37, Issue no: 5pAR51629r2018-07-19w2018-07-19yAR